|
|
|
|
| LEADER |
00000nam a22000007a 4500 |
| 005 |
20210518232539.0 |
| 007 |
cr|||| |||| |
| 008 |
210518s2021 bs |||||s|||| 00||0 eng d |
| 035 |
|
|
|a 33472
|
| 040 |
|
|
|a vLex
|
| 090 |
|
|
|c 11727
|d 11727
|
| 100 |
1 |
|
|a Rolle Davis, Derence A.
|
| 245 |
1 |
3 |
|a The Law
|h [Recurso electrn̤ico] :
|b The Social and Economic Effect on The Bahamas 2000-2020 /
|c Derence A. Rolle Davis
|
| 256 |
|
|
|a Servicio en ln̕ea
|
| 300 |
|
|
|a 1 recurso electrn̤ico
|
| 506 |
1 |
|
|a Disponible solo en los productos indicados
|d vLex Global
|d vLex Global (Academic Edition, excluding Law Schools)
|d vLex Global (U.S. Academic Edition, Law Schools)
|d vLex Global (U.S. Academic Edition, excluding Law Schools)
|d vLex Global (Academic Edition, Law Schools)
|
| 650 |
0 |
4 |
|a Derecho Pb︢lico y Administrativo
|z Bahamas
|
| 740 |
0 |
|
|a vLex Libros (Servicio en ln̕ea)
|
| 856 |
4 |
0 |
|u https://vlex.com/source/law-the-social-and-economic-effect-on-the-bahamas-2000-2020-33472
|z Acceso restringido
|
| 942 |
|
|
|c BOOK
|
| 999 |
0 |
|
|a Public and Administrative Law
|